EKOLOGIA EWOLUCJONIZM - Statystyki

Ogólne statystyki
  • Ten quiz został rozwiązany 2 razy
  • Średni wynik to 13 z 27
Statystyki odpowiedzi
Hint Odpowiedź % Poprawnych
konsument 2 rzędu mięsożerca
100%
konsument 3 rzędu mięsożerca
100%
konsument 1 rzędu roślinożerca
100%
JEGO DZIAŁANIA: a
50%
specjacja, gdzie populacje jednegogatunku zostają rozdzielone barierą geograficzna (endemiczny gatunek żółwia na galapagos) allopatryczna
50%
narządy o różnym pochodzeniu, alepodobnym wyglądzie i podobnej funkcji analogiczne
50%
konsumenci odżywiający się martwąmaterią organiczną (detrytusem) destruenci
50%
-II- od detrytusu detrytusowy
50%
i dobór kierunkowy
50%
i dobór rozrywający
50%
przypadkowe zmiany częstościwystępowania alleli w małej puli genetycznej dryf genetyczny
50%
powstawanie różnic miedzy bliskospokrewnionymi w związku z przystosowaniem do różnych warunków dywergencja
50%
są skutkiem... dywergencji
50%
w wyniku katastrofy powstaje zawężeniepuli genowej bo zmniejszyła się liczebność efekt wąskiego gardła
50%
mała grupa przemieści się na nowy,izolowany teren efekt założyciela
50%
narzady o wspolnym pochodzeniu,występują u spokrewnionych ze sobą; są niepodobne ale mają te same struktury anatomiczne (ale różne funckje) homologiczne
50%
heterotrofy, korzystają przez gotowe związki wytworzone przez producentów konsumenci
50%
upodabnianie się do siebie organizmówniespokrewnionych, skutkiem podobnych warunków życiowych konwergencja
50%
są skutkiem... konwergencji
50%
POŚREDNIE DOWODY EWOLUCJI narządy szczątkowe
50%
autotroficzne, wytwarzają sami związki organiczne producenci
50%
łańcuch zaczynający się od producenta spasania
50%
specjacja bez rozdzielania barierągeograficzną, po prostu np. dobór rozrywający (powstają nowe gatunki w jednym jeziorze) sympatryczna
50%
atawizmy
0%
np. kończyny przednie ssaków
0%
np. skrzydła owadów i ptaków
0%
i ustabilizowany
0%
Nie znaleziono quizów pasujących do podanych kryteriów
Rozkład punktacji
Procent ludzi z każdym wynikiem
Percentyl według liczby udzielonych odpowiedzi
Twoja historia wyników
Nie rozwiązałeś tego quizu